<?xml version="1.0" encoding="UTF-8"?>
<record
    xmlns:xsi="http://www.w3.org/2001/XMLSchema-instance"
    xsi:schemaLocation="http://www.loc.gov/MARC21/slim http://www.loc.gov/standards/marcxml/schema/MARC21slim.xsd"
    xmlns="http://www.loc.gov/MARC21/slim">

  <leader>01968nab a2200265 i 4500</leader>
  <controlfield tag="001">3429</controlfield>
  <controlfield tag="003">KOSZ 005</controlfield>
  <controlfield tag="005">20190610114405.0</controlfield>
  <controlfield tag="008">140527s2007    pl     f     |000 0 pol</controlfield>
  <datafield tag="040" ind1=" " ind2=" ">
    <subfield code="c">BPK</subfield>
  </datafield>
  <datafield tag="041" ind1=" " ind2=" ">
    <subfield code="a">pol</subfield>
    <subfield code="b">eng</subfield>
  </datafield>
  <datafield tag="080" ind1=" " ind2=" ">
    <subfield code="a">621.92</subfield>
  </datafield>
  <datafield tag="100" ind1="1" ind2=" ">
    <subfield code="a">NADOLNY, Krzysztof.</subfield>
    <subfield code="d">2006 - .</subfield>
    <subfield code="b">Politechnika Koszali&#x144;ska - Wydzia&#x142; Mechaniczny,</subfield>
    <subfield code="c">Katedra In&#x17C;ynierii Produkcji</subfield>
  </datafield>
  <datafield tag="245" ind1="1" ind2="0">
    <subfield code="a">Model powstawania napr&#x119;&#x17C;e&#x144; w warstwie wierzchniej przedmiotu obrobionego w procesie jednoprzej&#x15B;ciowego szlifowania otwor&#xF3;w &#x15B;ciernic&#x105; o strefowo zr&#xF3;&#x17C;nicowanej budowie = </subfield>
    <subfield code="b">Model of stresses formation in surface layer of workpiece machined in single-pass internal cylindrical grinding with grinding wheel whose structure is zomally diversified /</subfield>
    <subfield code="c">Krzysztof Nadolny, Stanis&#x142;awa Plichta, Jaros&#x142;aw Plichta.</subfield>
  </datafield>
  <datafield tag="260" ind1=" " ind2=" ">
    <subfield code="c">2007.</subfield>
  </datafield>
  <datafield tag="500" ind1=" " ind2=" ">
    <subfield code="a">Dane z autopsji.</subfield>
  </datafield>
  <datafield tag="520" ind1=" " ind2=" ">
    <subfield code="a">Przedstawiono wyniki bada&#x144; stanu napr&#x119;&#x17C;e&#x144; w warstwie wierzchniej przedmiot&#xF3;w obrobionych w procesie jednoprzej&#x15B;ciowego szlifowania otwor&#xF3;w &#x15B;ciernicami o strefowo zr&#xF3;&#x17C;nicowanej budowie. Opisano warunki prowadzonych bada&#x144; do&#x15B;wiadczalnych oraz stanowisko pomiarowe do wyznaczenia napr&#x119;&#x17C;e&#x144; w warstwie wierzchniej przedmiot&#xF3;w po szlifowaniu metod&#x105; Weissmana-Philipsa. Na podstawie zarejestrowanych rozk&#x142;ad&#xF3;w napr&#x119;&#x17C;e&#x144; opracowano model powstawania napr&#x119;&#x17C;e&#x144; w tego typu procesie szlifowania.</subfield>
  </datafield>
  <datafield tag="650" ind1=" " ind2="0">
    <subfield code="a">Napr&#x119;&#x17C;enia i odkszta&#x142;cenia.</subfield>
  </datafield>
  <datafield tag="650" ind1=" " ind2="0">
    <subfield code="a">Szlifowanie - narz&#x119;dzia i maszyny.</subfield>
  </datafield>
  <datafield tag="650" ind1=" " ind2="0">
    <subfield code="a">&#x15A;ciernica</subfield>
  </datafield>
  <datafield tag="700" ind1="1" ind2=" ">
    <subfield code="a">PLICHTA, Jaros&#x142;aw.</subfield>
    <subfield code="d">1996 - .</subfield>
    <subfield code="b">Politechnika Koszali&#x144;ska - Wydzia&#x142; Mechaniczny,</subfield>
    <subfield code="c">Katedra In&#x17C;ynierii Produkcji</subfield>
  </datafield>
  <datafield tag="700" ind1="1" ind2=" ">
    <subfield code="a">PLICHTA, Stanis&#x142;awa.</subfield>
    <subfield code="d">1996 - 2005.</subfield>
    <subfield code="b">Politechnika Koszali&#x144;ska - Wydzia&#x142; Mechaniczny,</subfield>
    <subfield code="c">Katedra Mechaniki Precyzyjnej</subfield>
  </datafield>
  <datafield tag="773" ind1="0" ind2=" ">
    <subfield code="i">W :</subfield>
    <subfield code="t">Archiwum Technologii Maszyn i Automatyzacji = Archives of Mechanical Technology and Automation. -</subfield>
    <subfield code="g">2007, V. 27, nr 2, s. 25-32</subfield>
  </datafield>
  <datafield tag="942" ind1=" " ind2=" ">
    <subfield code="c">ART</subfield>
    <subfield code="2">UKD</subfield>
  </datafield>
  <datafield tag="999" ind1=" " ind2=" ">
    <subfield code="c">3429</subfield>
    <subfield code="d">3429</subfield>
  </datafield>
  <datafield tag="952" ind1=" " ind2=" ">
    <subfield code="0">0</subfield>
    <subfield code="1">0</subfield>
    <subfield code="4">0</subfield>
    <subfield code="7">0</subfield>
    <subfield code="a">BPK</subfield>
    <subfield code="b">BPK</subfield>
    <subfield code="o">0720</subfield>
    <subfield code="y">ART</subfield>
  </datafield>
</record>
